[Event "20th PKWN Festival it"]
[Site "Naleczow POL"]
[Date "1984.07.??"]
[Round "?"]
[White "Popovic, Petar"]
[WhiteElo "2515"]
[Black "Stempin, Pawel"]
[BlackElo "2400"]
[Result "1-0"]
[EventDate "1984.07.??"]
[PlyCount "91"]

1.e4 c5 2.Nf3 d6 3.d4 cxd4 4.Nxd4 Nf6 5.Nc3 e6 6.g3 Nc6 7.Bg2 Bd7 8.O-O
Be7 9.Ndb5 Qb8 10.Bg5 a6 11.Bxf6 gxf6 12.Nd4 Qa7 13.Nce2 Qc5 14.c3 Ne5 15.
a4 Rc8 16.Kh1 Bd8 17.Nf4 b5 18.axb5 axb5 19.Nc2 Bc6 20.Nb4 Bb7 21.Nfd3
Nxd3 22.Qxd3 h5 23.h4 Ke7 24.f4 Bb6 25.Rad1 Rcd8 26.Rfe1 Rhg8 27.Re2 Rg7
28.Rf1 Rdg8 29.e5 Bxg2+ 30.Rxg2 dxe5 31.fxe5 fxe5 32.Qf3 f5 33.Rd1 e4 34.
Qxh5 Rxg3 35.Rxg3 Rxg3 36.Qh7+ Kf8 37.Qh8+ Ke7 38.Nd5+ Qxd5 39.Rxd5 Rg1+
40.Kh2 exd5 41.Qe5+ Kd7 42.Qxd5+ Kc7 43.Qf7+ Kb8 44.Qf6 Bf2 45.Qxf5 e3 46.
h5 1-0

[Event "20th PKWN Festival it"]
[Site "Naleczow POL"]
[Date "1984.07.??"]
[Round "?"]
[White "Schmidt, Wlodzimierz"]
[WhiteElo "2485"]
[Black "Adamski, Jan"]
[BlackElo "2460"]
[Result "1/2-1/2"]
[EventDate "1984.07.??"]
[PlyCount "31"]

1.d4 d5 2.c4 dxc4 3.Nc3 Nf6 4.e3 e6 5.Bxc4 c5 6.Nf3 a6 7.O-O b5 8.Bb3 Bb7
9.Qe2 Nbd7 10.Rd1 Qb6 11.d5 c4 12.dxe6 Qxe6 13.Bc2 Bc5 14.Nd4 Qb6 15.a4
O-O 16.axb5 1/2-1/2

[Event "20th PKWN Festival it"]
[Site "Naleczow POL"]
[Date "1984.07.??"]
[Round "?"]
[White "Schmidt, Wlodzimierz"]
[WhiteElo "2485"]
[Black "Bany, Jerzy"]
[BlackElo "2430"]
[Result "1/2-1/2"]
[EventDate "1984.07.??"]
[PlyCount "37"]

1.Nf3 Nf6 2.g3 d5 3.Bg2 e6 4.O-O Be7 5.c4 O-O 6.d4 dxc4 7.Qc2 a6 8.Qxc4 b5
9.Qc2 Bb7 10.Bf4 Nc6 11.Rd1 Nb4 12.Qc1 Qc8 13.Nc3 c5 14.dxc5 Qxc5 15.a3
Nbd5 16.Nxd5 Bxd5 17.Qxc5 Bxc5 18.Ne5 Rfc8 19.Rac1 1/2-1/2

[Event "20th PKWN Festival it"]
[Site "Naleczow POL"]
[Date "1984.07.??"]
[Round "?"]
[White "Schmidt, Wlodzimierz"]
[WhiteElo "2485"]
[Black "Gross, Stefan"]
[BlackElo "2410"]
[Result "1/2-1/2"]
[EventDate "1984.07.??"]
[PlyCount "82"]

1.d4 Nf6 2.c4 g6 3.Nc3 d5 4.Bf4 Bg7 5.e3 c5 6.dxc5 Qa5 7.Rc1 Ne4 8.cxd5
Nxc3 9.Qd2 Qxa2 10.bxc3 Qxd2+ 11.Kxd2 Nd7 12.Bb5 O-O 13.Bxd7 Bxd7 14.e4 f5
15.e5 Rac8 16.c6 bxc6 17.d6 exd6 18.exd6 Rf6 19.Ra1 Ra8 20.Ra5 g5 21.Be5
Re6 22.f4 gxf4 23.Bxg7 Kxg7 24.Ne2 Rxd6+ 25.Kc2 Be6 26.Nxf4 Bf7 27.Rf1 Bc4
28.Rf2 Bb5 29.Kb3 Rb8 30.Rxa7+ Kh6 31.Kc2 Bc4 32.Kc1 Rbd8 33.Kc2 Rd1 34.
Ra4 Bb5 35.Ra7 Rh1 36.Rd2 Rxd2+ 37.Kxd2 Rxh2 38.Ke3 Rh1 39.Rc7 Re1+ 40.Kd2
Re4 41.g3 Ra4 1/2-1/2

[Event "20th PKWN Festival it"]
[Site "Naleczow POL"]
[Date "1984.07.??"]
[Round "?"]
[White "Schmidt, Wlodzimierz"]
[WhiteElo "2485"]
[Black "Sokolov, Andrei"]
[BlackElo "2495"]
[Result "1/2-1/2"]
[EventDate "1984.07.??"]
[PlyCount "44"]

1.d4 Nf6 2.c4 e6 3.Nf3 b6 4.g3 Ba6 5.b3 Bb4+ 6.Bd2 Be7 7.Nc3 d5 8.cxd5
Nxd5 9.Bg2 O-O 10.O-O Nd7 11.Nxd5 exd5 12.b4 c5 13.bxc5 bxc5 14.Bc3 Rc8
15.Bh3 cxd4 16.Bxd4 Rc7 17.Qd2 Nb6 18.Rfc1 Nc4 19.Qd1 Bc8 20.Bxc8 Qxc8 21.
Ne5 Qe6 22.Nd3 Qe4 1/2-1/2

[Event "20th PKWN Festival it"]
[Site "Naleczow POL"]
[Date "1984.07.??"]
[Round "?"]
[White "Schmidt, Wlodzimierz"]
[WhiteElo "2485"]
[Black "Sygulski, Artur"]
[BlackElo "2420"]
[Result "1-0"]
[EventDate "1984.07.??"]
[PlyCount "53"]

1.d4 e6 2.c4 f5 3.Nc3 Nf6 4.e3 Bb4 5.Bd3 b6 6.Ne2 Bb7 7.f3 Nc6 8.Bd2 O-O
9.Qc2 Bd6 10.a3 a6 11.O-O-O Ne7 12.Kb1 Qb8 13.e4 fxe4 14.Nxe4 Nxe4 15.fxe4
Ng6 16.e5 Be7 17.h4 Rf2 18.h5 Nf8 19.Be3 Rxg2 20.Rhg1 Kh8 21.Rxg2 Bxg2 22.
Nf4 Bf3 23.Rf1 Qb7 24.d5 Bg4 25.Rg1 Bf5 26.Bxf5 exf5 27.Qg2 1-0

[Event "20th PKWN Festival it"]
[Site "Naleczow POL"]
[Date "1984.07.??"]
[Round "?"]
[White "Sokolov, Andrei"]
[WhiteElo "2495"]
[Black "Adamski, Jan"]
[BlackElo "2460"]
[Result "1/2-1/2"]
[EventDate "1984.07.??"]
[PlyCount "27"]

1.e4 c5 2.Nf3 e6 3.d4 cxd4 4.Nxd4 a6 5.c4 Nf6 6.Nc3 Qc7 7.Bd3 Nc6 8.Nxc6
dxc6 9.O-O e5 10.Na4 b5 11.cxb5 cxb5 12.Nc3 Be7 13.Bg5 Be6 14.Rc1 1/2-1/2

[Event "20th PKWN Festival it"]
[Site "Naleczow POL"]
[Date "1984.07.??"]
[Round "?"]
[White "Sokolov, Andrei"]
[WhiteElo "2495"]
[Black "Gavrikov, Viktor"]
[BlackElo "2485"]
[Result "1/2-1/2"]
[EventDate "1984.07.??"]
[PlyCount "20"]

1.e4 c5 2.Nf3 d6 3.d4 Nf6 4.Nc3 cxd4 5.Nxd4 a6 6.f4 Nbd7 7.Be2 e5 8.Nf5
Nc5 9.Ng3 Be6 10.f5 Bd7 1/2-1/2

[Event "20th PKWN Festival it"]
[Site "Naleczow POL"]
[Date "1984.07.??"]
[Round "?"]
[White "Sokolov, Andrei"]
[WhiteElo "2495"]
[Black "Gross, Stefan"]
[BlackElo "2410"]
[Result "1-0"]
[EventDate "1984.07.??"]
[PlyCount "76"]

1.e4 c5 2.Nf3 d6 3.d4 cxd4 4.Nxd4 Nf6 5.Nc3 e6 6.g4 Nc6 7.g5 Nd7 8.Be3 Nb6
9.Qe2 e5 10.Nf5 g6 11.Ng3 Bg7 12.Nd5 Nd4 13.Bxd4 exd4 14.Nxb6 axb6 15.Qd2
O-O 16.f4 Qe7 17.h4 f5 18.gxf6 Qxf6 19.h5 Be6 20.hxg6 hxg6 21.f5 Qe5 22.
Qh2 gxf5 23.Bd3 fxe4 24.Nxe4 Rf4 25.Kd2 d5 26.Raf1 Rxf1 27.Qh7+ Kf8 28.
Rxf1+ Ke8 29.Nd6+ Kd8 30.Nf7+ Bxf7 31.Rxf7 Rxa2 32.Qg8+ Qe8 33.Rd7+ Kxd7
34.Bb5+ Kd6 35.Bxe8 Be5 36.Qg6+ Kc5 37.b4+ Kc4 38.Qd3+ Kxb4 1-0

[Event "20th PKWN Festival it"]
[Site "Naleczow POL"]
[Date "1984.07.??"]
[Round "?"]
[White "Sokolov, Andrei"]
[WhiteElo "2495"]
[Black "Popovic, Petar"]
[BlackElo "2515"]
[Result "1/2-1/2"]
[EventDate "1984.07.??"]
[PlyCount "27"]

1.e4 c5 2.Nf3 d6 3.d4 cxd4 4.Nxd4 Nf6 5.Nc3 Nc6 6.Bc4 e6 7.Be3 Be7 8.Qe2
a6 9.O-O-O Qc7 10.Bb3 Na5 11.g4 b5 12.g5 Nxb3+ 13.axb3 Nd7 14.h4 1/2-1/2

[Event "20th PKWN Festival it"]
[Site "Naleczow POL"]
[Date "1984.07.??"]
[Round "?"]
[White "Spiridonov, Nikola"]
[WhiteElo "2445"]
[Black "Adamski, Jan"]
[BlackElo "2460"]
[Result "1/2-1/2"]
[EventDate "1984.07.??"]
[PlyCount "88"]

1.Nf3 Nf6 2.g3 d5 3.Bg2 Bf5 4.c4 e6 5.Qb3 Na6 6.d3 Nc5 7.Qc2 c6 8.O-O Be7
9.Nbd2 a5 10.b3 O-O 11.Bb2 h6 12.a3 Bh7 13.Bc3 Na6 14.Qb2 b5 15.cxb5 cxb5
16.b4 axb4 17.axb4 Qd6 18.Rfd1 Rfc8 19.Bh3 Qb6 20.Ra5 Qc6 21.Ra3 Nc7 22.
Nd4 Qb6 23.Rxa8 Rxa8 24.Nc2 Bg6 25.Nb3 Nfe8 26.Bd4 Qb7 27.Na5 Qa6 28.Ra1
Bf6 29.Bxf6 Nxf6 30.Nd4 Qd6 31.Qc3 e5 32.Ndc6 d4 33.Qc5 Qxc5 34.bxc5 e4
35.Bg2 Re8 36.Nxd4 exd3 37.exd3 Bxd3 38.Rd1 Be4 39.f3 Bd5 40.Nac6 Re3 41.
Nb4 Rc3 42.c6 Rc4 43.Nxd5 Nfxd5 44.Bf1 Rc5 1/2-1/2

[Event "20th PKWN Festival it"]
[Site "Naleczow POL"]
[Date "1984.07.??"]
[Round "?"]
[White "Spiridonov, Nikola"]
[WhiteElo "2445"]
[Black "Nicevski, Risto"]
[BlackElo "2405"]
[Result "1/2-1/2"]
[EventDate "1984.07.??"]
[PlyCount "83"]

1.c4 g6 2.Nf3 Bg7 3.d4 Nf6 4.Nc3 O-O 5.Bg5 h6 6.Bh4 d6 7.e3 Qe8 8.Bxf6
exf6 9.Bd3 f5 10.O-O Na6 11.a3 c6 12.b4 Nc7 13.a4 f4 14.exf4 Bg4 15.f5
Bxd4 16.Rc1 Qd7 17.Ne5 dxe5 18.Qxg4 Bxc3 19.Rxc3 Qd4 20.Qxd4 exd4 21.Rc2
Na6 22.Rb2 c5 23.b5 Nb4 24.Be4 Rab8 25.fxg6 f5 26.Bf3 b6 27.h4 Rfe8 28.h5
Rbd8 29.Rd2 d3 30.Rc1 Rd4 31.g3 Kg7 32.Kf1 Kf6 33.Rc3 Re7 34.Bd1 Kg7 35.f4
Kf6 36.Bf3 Kg7 37.Kf2 Kf6 38.Bg2 Re6 39.Bf1 Red6 40.Bg2 Rd7 41.Bf3 Re7 42.
Bg2 1/2-1/2

[Event "20th PKWN Festival it"]
[Site "Naleczow POL"]
[Date "1984.07.??"]
[Round "?"]
[White "Spiridonov, Nikola"]
[WhiteElo "2445"]
[Black "Schmidt, Wlodzimierz"]
[BlackElo "2485"]
[Result "1/2-1/2"]
[EventDate "1984.07.??"]
[PlyCount "30"]

1.d4 Nf6 2.Nf3 g6 3.c4 Bg7 4.Nc3 d5 5.Bg5 Ne4 6.cxd5 Nxg5 7.Nxg5 e6 8.Nf3
exd5 9.h4 O-O 10.e3 c6 11.Be2 Be6 12.O-O Nd7 13.Rc1 Qe7 14.Qb3 Rfc8 15.
Rfd1 Bf8 1/2-1/2

[Event "20th PKWN Festival it"]
[Site "Naleczow POL"]
[Date "1984.07.??"]
[Round "?"]
[White "Spiridonov, Nikola"]
[WhiteElo "2445"]
[Black "Sokolov, Andrei"]
[BlackElo "2495"]
[Result "1/2-1/2"]
[EventDate "1984.07.??"]
[PlyCount "26"]

1.c4 Nf6 2.g3 e6 3.Bg2 d5 4.Nf3 dxc4 5.Qa4+ Nbd7 6.Qxc4 c5 7.Qc2 b6 8.b3
Bb7 9.Bb2 Be7 10.O-O O-O 11.d3 h6 12.Nbd2 Nd5 13.Rac1 Bf6 1/2-1/2

[Event "20th PKWN Festival it"]
[Site "Naleczow POL"]
[Date "1984.07.??"]
[Round "?"]
[White "Spiridonov, Nikola"]
[WhiteElo "2445"]
[Black "Stempin, Pawel"]
[BlackElo "2400"]
[Result "1/2-1/2"]
[EventDate "1984.07.??"]
[PlyCount "32"]

1.c4 c5 2.g3 g6 3.Bg2 Bg7 4.Nc3 Nc6 5.a3 a6 6.Rb1 Rb8 7.b4 cxb4 8.axb4 b5
9.cxb5 axb5 10.e4 e5 11.Nge2 Nge7 12.O-O O-O 13.d3 d6 14.Bg5 h6 15.Be3 Nd4
16.Qd2 Kh7 1/2-1/2

[Event "20th PKWN Festival it"]
[Site "Naleczow POL"]
[Date "1984.07.??"]
[Round "?"]
[White "Stempin, Pawel"]
[WhiteElo "2400"]
[Black "Schmidt, Wlodzimierz"]
[BlackElo "2485"]
[Result "1/2-1/2"]
[EventDate "1984.07.??"]
[PlyCount "44"]

1.d4 Nf6 2.Nf3 g6 3.Bg5 Bg7 4.c3 b6 5.Nbd2 Bb7 6.e3 O-O 7.Bd3 d6 8.Qe2 c5
9.O-O Nbd7 10.Ba6 Bxa6 11.Qxa6 d5 12.a4 Qc8 13.Qxc8 Rfxc8 14.h3 e6 15.Bf4
a6 16.Ra2 Nh5 17.Bh2 cxd4 18.exd4 Bh6 19.Nb3 Bf4 20.Nc1 Bxh2+ 21.Kxh2 Nhf6
22.Nd3 Ne4 1/2-1/2

[Event "20th PKWN Festival it"]
[Site "Naleczow POL"]
[Date "1984.07.??"]
[Round "?"]
[White "Stempin, Pawel"]
[WhiteElo "2400"]
[Black "Sygulski, Artur"]
[BlackElo "2420"]
[Result "0-1"]
[EventDate "1984.07.??"]
[PlyCount "76"]

1.d4 Nf6 2.c4 e6 3.Nf3 c5 4.d5 Ne4 5.Nfd2 Nxd2 6.Bxd2 d6 7.Nc3 e5 8.g3 Be7
9.Bg2 O-O 10.O-O f5 11.f4 Nd7 12.e4 exf4 13.gxf4 Bf6 14.Kh1 Re8 15.Qc2 Nb6
16.Nb5 fxe4 17.Bxe4 h6 18.Rae1 Bg4 19.b3 Qd7 20.Bc3 Rf8 21.Ba5 Kh8 22.Bxb6
axb6 23.Qg2 Bh4 24.Re3 Rf6 25.h3 Bh5 26.Bd3 Raf8 27.f5 g6 28.fxg6 Rxf1+
29.Bxf1 Rf2 30.Re6 Rxg2 31.Kxg2 Be7 32.Bd3 Qd8 33.Be4 Bh4 34.Kh1 Qg5 35.
Nxd6 Qc1+ 36.Kh2 Qf4+ 37.Kh1 Bf3+ 38.Bxf3 Qxf3+ 0-1

[Event "20th PKWN Festival it"]
[Site "Naleczow POL"]
[Date "1984.07.??"]
[Round "?"]
[White "Sygulski, Artur"]
[WhiteElo "2420"]
[Black "Gross, Stefan"]
[BlackElo "2410"]
[Result "1-0"]
[EventDate "1984.07.??"]
[PlyCount "81"]

1.d4 Nf6 2.c4 g6 3.g3 Bg7 4.Bg2 O-O 5.Nf3 c5 6.O-O Na6 7.Nc3 d6 8.b3 d5 9.
cxd5 Nxd5 10.Nxd5 Qxd5 11.Bb2 Qh5 12.Qd2 Bh3 13.Bxh3 Qxh3 14.Qe3 Rfe8 15.
Rad1 Nb4 16.Rd2 Bh6 17.Ng5 Qf5 18.f4 f6 19.Qe6+ Qxe6 20.Nxe6 Rac8 21.Nxc5
b6 22.Ne4 Nxa2 23.d5 f5 24.d6 Rc6 25.Nf6+ exf6 26.Bxf6 Rf8 27.Be7 Nc3 28.
d7 Ra8 29.d8=Q+ Rxd8 30.Bxd8 Ne4 31.Rd7 a5 32.Rfd1 Nc5 33.Ra7 Nxb3 34.Bg5
Bxg5 35.fxg5 Rc1 36.Rxc1 Nxc1 37.Kf2 Na2 38.Ra6 b5 39.Rxa5 Nc3 40.Ke3 Kf7
41.Ra7+ 1-0

[Event "20th PKWN Festival it"]
[Site "Naleczow POL"]
[Date "1984.07.??"]
[Round "?"]
[White "Sygulski, Artur"]
[WhiteElo "2420"]
[Black "Ksieski, Zbigniew"]
[BlackElo "2400"]
[Result "1-0"]
[EventDate "1984.07.??"]
[PlyCount "75"]

1.c4 c5 2.Nc3 Nc6 3.g3 g6 4.Bg2 Bg7 5.d3 a6 6.Nf3 Rb8 7.O-O b5 8.cxb5 axb5
9.e4 d6 10.h3 Nf6 11.a4 bxa4 12.e5 dxe5 13.Qxa4 Bd7 14.Qc4 Na5 15.Rxa5
Qxa5 16.Nxe5 O-O 17.Qh4 Rb4 18.g4 Qc7 19.f4 h6 20.Re1 e6 21.Qf2 Rfb8 22.g5
Nh5 23.gxh6 Bxh6 24.Ne4 Bb5 25.Be3 Be8 26.Nc4 Bf8 27.Bf3 f5 28.Ng5 Nxf4
29.Bxf4 Qxf4 30.Nxe6 Qh6 31.Bd5 Bf7 32.Nf4 Bxd5 33.Nxd5 Bg7 34.Qg2 Rxb2
35.Nxb2 Rxb2 36.Qg3 Kh7 37.Nf4 Rb4 38.Ne6 1-0

[Event "20th PKWN Festival it"]
[Site "Naleczow POL"]
[Date "1984.07.??"]
[Round "?"]
[White "Sygulski, Artur"]
[WhiteElo "2420"]
[Black "Popovic, Petar"]
[BlackElo "2515"]
[Result "1/2-1/2"]
[EventDate "1984.07.??"]
[PlyCount "103"]

1.d4 Nf6 2.c4 e6 3.Nf3 b6 4.g3 Ba6 5.b3 b5 6.cxb5 Bxb5 7.Nc3 Bb4 8.Bd2
Bxc3 9.Bxc3 a5 10.Bg2 Nd5 11.Qd2 a4 12.Ne5 O-O 13.Bb2 d6 14.Nc4 axb3 15.
axb3 Rxa1+ 16.Bxa1 Nb6 17.Nxb6 cxb6 18.d5 e5 19.O-O Qd7 20.f4 exf4 21.Rxf4
Qd8 22.Be4 f6 23.Qc2 h6 24.Qd2 Nd7 25.Bb1 Re8 26.Qc2 Nf8 27.e4 Qd7 28.Rf3
Rc8 29.Rc3 Rxc3 30.Bxc3 Qh3 31.Qf2 Qh5 32.Bc2 Nd7 33.h3 Qg5 34.Bd2 Qe5 35.
Qf3 Qa1+ 36.Qd1 Qb2 37.Qc1 Qd4+ 38.Be3 Qe5 39.Bf4 Qh5 40.Bxd6 Qxh3 41.Qf4
Qh5 42.Qf5 Qe2 43.Qf2 Qh5 44.Kg2 Qe8 45.Qd4 Qh5 46.Qf2 Qe8 47.Qd4 Qh5 48.
Bd1 Be2 49.Bxe2 Qxe2+ 50.Kg1 b5 51.Qc3 Kh7 52.Qc6 1/2-1/2

[Event "20th PKWN Festival it"]
[Site "Naleczow POL"]
[Date "1984.07.??"]
[Round "?"]
[White "Sygulski, Artur"]
[WhiteElo "2420"]
[Black "Spiridonov, Nikola"]
[BlackElo "2445"]
[Result "1/2-1/2"]
[EventDate "1984.07.??"]
[PlyCount "24"]

1.d4 d5 2.c4 c6 3.cxd5 cxd5 4.Nf3 Nc6 5.Nc3 Nf6 6.Qb3 e6 7.Bf4 Bd6 8.Bxd6
Qxd6 9.e3 O-O 10.Be2 Bd7 11.Bb5 Qb4 12.Qxb4 Nxb4 1/2-1/2

[Event "20th PKWN Festival it"]
[Site "Naleczow POL"]
[Date "1984.07.??"]
[Round "?"]
[White "Sygulski, Artur"]
[WhiteElo "2420"]
[Black "Yuferov, Sergei"]
[BlackElo "2430"]
[Result "1-0"]
[EventDate "1984.07.??"]
[PlyCount "101"]

1.d4 Nf6 2.c4 e6 3.g3 d5 4.Bg2 dxc4 5.Nf3 Bb4+ 6.Nbd2 Bd7 7.O-O c3 8.bxc3
Bxc3 9.Rb1 O-O 10.Ba3 Re8 11.Rxb7 Bc6 12.Rb3 Bxd4 13.Rd3 e5 14.Nxd4 exd4
15.Nf3 Qd5 16.Qc2 Qa5 17.Nxd4 Bxg2 18.Kxg2 Nbd7 19.Nc6 Qf5 20.Rd2 Qe6 21.
Rfd1 h6 22.Bb2 Nb6 23.Bxf6 Qxf6 24.e4 Qe6 25.Rd4 Nc8 26.Nd8 Qe7 27.Qc6 Nb6
28.Nb7 Qe6 29.Nd8 Qe7 30.Nb7 Qe6 31.Qxe6 Rxe6 32.Rc1 Rc8 33.a4 Re7 34.a5
Na8 35.Rc6 Kf8 36.Nc5 Ree8 37.Rb4 Ke7 38.Rb7 Red8 39.Rxa7 Rd6 40.Raa6 Rxc6
41.Rxc6 Rb8 42.Ra6 Rb5 43.Nd3 Rb8 44.Kf3 Rb3 45.Ke2 Rb8 46.Ke3 Rc8 47.Nc5
h5 48.h4 Rb8 49.e5 Rd8 50.Ke4 g6 51.f4 1-0

[Event "20th PKWN Festival it"]
[Site "Naleczow POL"]
[Date "1984.07.??"]
[Round "?"]
[White "Yuferov, Sergei"]
[WhiteElo "2430"]
[Black "Kindermann, Stefan"]
[BlackElo "2470"]
[Result "1/2-1/2"]
[EventDate "1984.07.??"]
[PlyCount "68"]

1.d4 Nf6 2.c4 e6 3.Nf3 c5 4.d5 exd5 5.cxd5 d6 6.Nc3 g6 7.Bg5 h6 8.Bh4 Bg7
9.e3 a6 10.a4 g5 11.Bg3 Nh5 12.Bd3 Nxg3 13.hxg3 Nd7 14.Qc2 Qe7 15.Bf5 Ne5
16.Bxc8 Rxc8 17.Qf5 Qd7 18.Qxd7+ Nxd7 19.Nd2 c4 20.Ke2 f5 21.a5 Bxc3 22.
bxc3 Nf6 23.Ra4 Nxd5 24.Rc1 Kd7 25.Rxc4 Rxc4 26.Nxc4 h5 27.Nd2 Rc8 28.c4
b5 29.axb6 Nxb6 30.Ra1 Nxc4 31.Nf3 Rb8 32.Rxa6 Rb2+ 33.Kd1 Rb1+ 34.Ke2
Rb2+ 1/2-1/2

[Event "20th PKWN Festival it"]
[Site "Naleczow POL"]
[Date "1984.07.??"]
[Round "?"]
[White "Yuferov, Sergei"]
[WhiteElo "2430"]
[Black "Ksieski, Zbigniew"]
[BlackElo "2400"]
[Result "1/2-1/2"]
[EventDate "1984.07.??"]
[PlyCount "83"]

1.Nf3 c5 2.c4 Nc6 3.Nc3 e5 4.g3 g6 5.Bg2 Bg7 6.O-O Nge7 7.a3 O-O 8.Rb1 a5
9.Ne1 d6 10.Nc2 Be6 11.Ne3 Rb8 12.d3 Qd7 13.Re1 Bh3 14.Bh1 Nd4 15.b4 axb4
16.axb4 cxb4 17.Rxb4 b5 18.cxb5 Nxb5 19.Rxb5 Rxb5 20.Nxb5 Qxb5 21.Ba3 Rd8
22.Qb1 Qa6 23.Qb4 Be6 24.Ra1 Nc6 25.Qe1 Nd4 26.Bb2 Qb6 27.Bxd4 Qxd4 28.Qa5
Rb8 29.Bd5 e4 30.Rd1 exd3 31.Rxd3 Qc5 32.Qa2 Re8 33.Qa4 Re7 34.Qa8+ Qc8
35.Qa2 Bh3 36.Bg2 Be6 37.Qd2 Be5 38.f4 Bf6 39.Rxd6 Qc5 40.Rc6 Qa7 41.Kf1
Kg7 42.Rd6 1/2-1/2

[Event "20th PKWN Festival it"]
[Site "Naleczow POL"]
[Date "1984.07.??"]
[Round "?"]
[White "Yuferov, Sergei"]
[WhiteElo "2430"]
[Black "Nicevski, Risto"]
[BlackElo "2405"]
[Result "1-0"]
[EventDate "1984.07.??"]
[PlyCount "62"]

1.d4 d6 2.Nf3 g6 3.g3 Bg7 4.Bg2 Nf6 5.O-O O-O 6.c4 Nc6 7.Nc3 Bg4 8.h3 Bxf3
9.Bxf3 Nd7 10.e3 e5 11.dxe5 Ndxe5 12.Be2 Qd7 13.Kh2 Na5 14.Qc2 Qc6 15.Nd5
Rae8 16.b3 b5 17.Qd2 Naxc4 18.bxc4 Nxc4 19.Bxc4 Qxc4 20.Ba3 c6 21.Nc7 Bxa1
22.Rxa1 Rc8 23.Rc1 Qe4 24.Qxd6 Rfd8 25.Qf6 Rd2 26.Nxb5 Qxe3 27.Bc5 Qe6 28.
Qf4 Rcd8 29.Nd4 Qxa2 30.Nxc6 Rxf2+ 31.Bxf2 Rd2 1-0

[Event "20th PKWN Festival it"]
[Site "Naleczow POL"]
[Date "1984.07.??"]
[Round "?"]
[White "Yuferov, Sergei"]
[WhiteElo "2430"]
[Black "Schmidt, Wlodzimierz"]
[BlackElo "2485"]
[Result "0-1"]
[EventDate "1984.07.??"]
[PlyCount "46"]

1.d4 Nf6 2.c4 g6 3.Nc3 d5 4.Nf3 Bg7 5.Qb3 dxc4 6.Qxc4 O-O 7.e4 Nc6 8.Be2
Bg4 9.Be3 Bxf3 10.gxf3 e5 11.dxe5 Nxe5 12.Qb5 Nh5 13.Qxb7 Rb8 14.Qxa7 Rxb2
15.Nd5 Qd7 16.Qa6 Qh3 17.O-O-O Nxf3 18.Bh6 Rfb8 19.Bxg7 Nxg7 20.Nf6+ Kh8
21.Rd8+ Rxd8 22.Kxb2 Rb8+ 23.Ka1 Ne1 0-1